Novena en reverente culto del gloriosisimo Ángel de nuestra guarda, para alcanzar por su intercesión los favores que deseamos de Dios Nuestro Señor. La reimprime para su mayor gloria y aumento de la devoción, un devoto del Santo Ángel, y la dedica y consagra á la Purísima y Santísima Virgen María Reina de los Ángeles y Señora Nuestra

Detalles Bibliográficos
Formato: Libro
Lenguaje:Spanish
Publicado: Puebla : reimpresa en la imprenta del C. José María Campos, 1833.
Materias:
Colección:Banco de datos
Acervo:Fondo Bibliográfico Antiguo de la Parroquia de Santa María de la Natividad de Atlixco. Puebla
Descripción Física:32 p. ; 8°
Tema general:Ascética
Notas:Portada con pleca. Encuadernación en cartón. Testigo: nota manuscrita, p. 25
LEADER 00874nam a22001690004500
035 |a 7 
041 0 |a spa 
245 1 0 |a Novena en reverente culto del gloriosisimo Ángel de nuestra guarda, para alcanzar por su intercesión los favores que deseamos de Dios Nuestro Señor. La reimprime para su mayor gloria y aumento de la devoción, un devoto del Santo Ángel, y la dedica y consagra á la Purísima y Santísima Virgen María Reina de los Ángeles y Señora Nuestra 
260 |a Puebla : reimpresa en la imprenta del C. José María Campos, 1833. 
300 |a 32 p. ; 8° 
500 |a Portada con pleca. Encuadernación en cartón. Testigo: nota manuscrita, p. 25 
501 |a 4 obras 
650 1 0 |a Ascética 
949 |a 5-D 
942 |c ATLIXCO 
943 |g Fondo Bibliográfico Antiguo de la Parroquia de Santa María de la Natividad de Atlixco. Puebla 
999 |c 1100509  |d 1100509